LEADER 01107nam a2200253 i 4500 001 000000225408 003 CaOOAMICUS 005 20131204000000.0 008 131204s2013 it u000 u ita u 013 $a204310 040 $aSeMil$bita 100 1 $aColombo, Giovanni,$c.$0(OLS)http://semarc/name/1549 245 10$a[Lettere :$b1972-1977] /$cGiovanni Colombo, Italo De Feo. 260 $aCaronno Pertusella :$b[s.n.],$c2013. 300 $a51 p. :$bill. ;$c21 cm. 490 0 $aI quaderni colombiani ;$v72 650 4$aColombo, Giovanni - Lettere e carteggi.$0(OLS)http://semarc/subject/30120 700 1 $aDe Feo, Italo <1912->.$0(OLS)http://semarc/name/31084 830 2$aI quaderni colombiani ;$v72.$0(OLS)http://semarc/title/21284 850 $aSeMil 852 $aSeMil$W1$xVenegono$y1$m5B III 24/35$j175754$B175754$CSeMilBibl$Z2$F186180 $81 961 $aRecupero: Altro 996 $6245$a[Lettere :$b1972-1977]$9(OLS)http://semarc/title/322870 996 $6260$aCaronno Pertusella :$b[s.n.]$9(OLS)http://semarc/publisher/37886 LEADER 01326nam a2200205 i 4500 001 000000231033 003 CaOOAMICUS 005 20140704000000.0 008 140704s1670 it u000 u ita u 013 $a209936 026 $asiuo n-A- tae- cede (3) 1670 (R) 040 $aSeMil$bita 245 12$aI dieci ultimi libri di Flauio Gioseffo historico, huomo clarissimo, delle antichità giudaiche . 300 $a258 [i.e. 260] p. :$bill. xilogr. 500 $aP. 61-62 ripetute nella num. 773 0 $aIosephus, Flavius $tDelle antichità, e guerre giudaiche. Diviso in vintisette libri. Compartiti in tre parti, nella prima si tratta della creatione del mondo fino alla guerra di Sennacherib, nella seconda del tornar che tenea li Giudei in Gierusalemme, fino alla discordia frà Giudei, e Filadelfi, nella terza delle guerre, ... Tradotto in italiano per m. Pietro Lauro Modonese; aggiuntovi di nuovo bellissime figure, e la sua tavola, per ordine à ciaschedun libro.$dIn Venetia : Appresso Domenico Milocho, 1671.$g2$w()30116 850 $aSeMil 852 $aSeMil$W1$xVenegono$y1$m2W IV 56 FA$j181379$B181379$CSeMilBibl$Z2$F192249 $8I 961 $aRecupero: Altro 996 $6245$aI dieci ultimi libri di Flauio Gioseffo historico, huomo clarissimo, delle antichità giudaiche .$9(OLS)http://semarc/title/329961